LEADER 00987nam a2200217 i 4500 001 000000060275 003 CaOOAMICUS 005 19980226000000.0 008 980226s1968 xx u000 u ger u 013 $a31447 040 $aSeMil$bita 100 1 $aJoest, Wilfried <1914- >.$0(OLS)http://semarc/name/18491 245 10$aGesetz und Freiheit :$bdas Problem des Tertius usus legis bei Luther und die neutestamentliche Parainese /$cWilfried Joest. 250 $a4. Aufl. 260 $aGöttingen :$bVandenhoeck & Ruprecht,$c1968. 300 $a240 p. ;$c24 cm. 600 14$aLutero, Martin <1483-1546>.$0(OLS)http://semarc/subject/3365 850 $aSeMil 852 $aSeMil$W1$xVenegono$y1$m2K II 251$j26428$B26428$CSeMilBibl$Z2$F26431 $81 996 $6245$aGesetz und Freiheit :$bdas Problem des Tertius usus legis bei Luther und die neutestamentliche Parainese$9(OLS)http://semarc/title/94419 996 $6260$aGöttingen :$bVandenhoeck & Ruprecht$9(OLS)http://semarc/publisher/29697 LEADER 00929nam a2200241 i 4500 001 000000124979 003 CaOOAMICUS 005 20040403000000.0 008 040403s1969 it u000 u fre u 013 $a97677 040 $aSeMil$bita 100 1 $aBrun, Jean <1919-1994>.$0(OLS)http://semarc/name/34893 245 13$aLe retour de Dionysos /$cJean Brun. 260 $aParis :$bDesclée & Cie,$ccopyr. 1969. 300 $a238 p. ;$c21 cm. 490 0 $aL'athéisme interroge 650 4$aErotismo - Filosofia.$0(OLS)http://semarc/subject/23106 830 2$aL'athéisme interroge.$0(OLS)http://semarc/title/14973 850 $aSeMil 852 $aSeMil$W1$xVenegono$y1$m660 152 1 *$j79488$B79488$CSeMilBibl$Z2$F81671 $81 961 $aRecupero: Biblioteca Seminario Saronno 996 $6245$aLe retour de Dionysos$9(OLS)http://semarc/title/184012 996 $6260$aParis :$bDesclée & Cie$9(OLS)http://semarc/publisher/31203